| 000 | 00954nam a22002417a 4500 | ||
|---|---|---|---|
| 999 |
_c8254 _d8254 |
||
| 003 | AR-CdUCM | ||
| 008 | 190322b ||||| |||| 00| 0 spa d | ||
| 040 |
_aMUNICIPALIDAD PROVINCIAL DEL CUSCO _cBIBLIOTECA MUNICIPAL DEL CUSCO |
||
| 041 | _hfre | ||
| 082 |
_22ed. _a636.089 / _bB83 |
||
| 100 |
_aBrion, A. _923225 |
||
| 245 |
_aVademecum del veterinario : _bformulario veterinario de farmacología, terapéutica e higiene / |
||
| 260 |
_aBarcelona : _bGea, _c1964. |
||
| 300 |
_a779 páginas ; _c21 cm. |
||
| 500 | _aTitulo original: Vade-mecum du veterin aire. | ||
| 505 | _aConsejos para la redacción de prescripciones -- Derechos y prerrogativas de los veterinarios -- De las diversas formas farmacéuticas y de los principales modos de administración ... | ||
| 650 |
_aMedicina veterinaria _923226 |
||
| 650 |
_aFarmacología _923227 |
||
| 700 |
_aMollereau, H. _923228 |
||
| 700 |
_aPorter, CH. _923229 |
||
| 942 |
_2ddc _cLIBROS |
||
| 945 | _aacv | ||